000 00740nam a2200265Ia 4500
003 OSt
005 20221006143451.0
006 a|||||r|||| 00| 0
007 ta
008 221006b |||||||| |||| 00| 0 eng d
020 _cY4500(each)
024 _a9,038
037 _cTextual
040 _aEASL
_cEASL
_beng
041 _2eng
_aeng
082 _aY.42.N76, L.7.1-.2
100 _aFUKUOKA UNESCO ASSOCIATION
245 0 _aFourth Kyushu international cultural confrence, 2 Vols.
260 _aFukuoko
_bFokuoka UNESCO Association Japan
_c1977
300 _a260p.
_ccm.
490 _v Oth
650 _aJEL
942 _hY.42.N76, L.7.1-.2
_cTEXL
_2CC
999 _c1077124
_d1077124